000
00302nam a22001337a 4500
008
181009b xxu||||| |||| 00| 0 eng d
020
_a
9780631175490
041
_a
eng
080
_a
201
100
_a
24
101
_a
TEO
245
_a
Luther's Theology of the Cross
_c
McGrath, A.E
942
_2
udc
_c
BK
999
_c
49132
_d
49132